000 01008cam a2200277 i 4500
001 55563
003 Mx-PuUPA
005 20220421082115.0
008 140415s2009 mnua r 000 0 eng d
020 _a9780816651016
040 _aMX-PuUPA
_bspa
_erda
_cMx-PuUPA
_dMx-PuUPA
041 0 _aeng
100 1 _aHarpold, Terry,
_eautor
_96280
245 0 0 _aEx-foliations :
_breading machines and the upgrade path /
_cTerry Harpold.
264 1 _aMinnesota :
_bUniversity of Minnesota Press,
_c2009
300 _a351 páginas :
_bilustraciones (en blanco y negro) ;
_c23 cm.
336 _atexto
_2rdacontent
_btxt
337 _asin mediación
_2rdamedia
_bn
338 _avolumen
_2rdacarrier
_bnc
490 0 _aCollection Digital Culture / Literary Theory ; Electronic Mediations Series
650 7 _aLectura de máquinas (equipo de procesamiento de datos)
_2armarc
650 4 _aLibros electrónicos
942 _2ddc
_cLI
_h070.5797
_iHAR
999 _c55563
_d55563